000 00524nam a22001817a 4500
003 MPLRDC
005 20220104160107.0
008 210129b ||||| |||| 00| 0 eng d
082 _a272.79 CHZ v.1
100 _a陈徽治博士主编
245 _a妈祖研究学报; 第一辑
_c
250 _a初版
260 _a马来西亚
_b雪隆海南会馆(天后宫)妈祖文化研究中心
_c2004
300 _b
490 _a妈祖研究学报; 第一辑
650 _a诸人物神--其他
942 _cBK
_o272.79 CHZ v.1
999 _c54810
_d54800